| 000 | 00718nam a22001817a 4500 | ||
|---|---|---|---|
| 003 | NUST | ||
| 005 | 20260116172330.0 | ||
| 082 | _a621.382,KHA | ||
| 100 |
_aKhan, Muhammad Awais _9132777 |
||
| 245 |
_aCamera Based Equation Solver / _cMuhammad Awais KHan, Sohail Nazim, Khawar Abbas and Raja Muhammad Asad Wazir Khan (TE-50) |
||
| 260 |
_aRawalpindi _bMCS (NUST) _cJune 2017 |
||
| 300 | _aviii,52 p.; | ||
| 505 | _aIntroduction (Page-1), Requirement Analysis (Page-6), System Design (Page-17), Implementation (Page-280, Testing (Page-31), Conclusion (Page-40), User Manual (Page-42). | ||
| 650 |
_aUG Project _9131132 |
||
| 651 |
_aTE-50 _9132778 |
||
| 700 |
_aSupervised by Raja Iqbal _9131764 |
||
| 942 |
_2ddc _cPR |
||
| 999 |
_c615825 _d615825 |
||